• Florentino Asensio Barroso,

di Personal Name

Records bibliografici associati: 2

001 - CONTROL NUMBER

  • control field: 6646

003 - CONTROL NUMBER IDENTIFIER

  • control field: IT-RoINE

005 - DATE AND TIME OF LATEST TRANSACTION

  • control field: 20141022104903.0

008 - FIXED-LENGTH DATA ELEMENTS

  • fixed length control field: 140424|| aca||aabn | a|a d

040 ## - CATALOGING SOURCE

  • Original cataloging agency: IT-RoINE
  • Transcribing agency: IT-RoINE

100 ## - HEADING--PERSONAL NAME

  • Personal name: Florentino Asensio Barroso,
  • Titles and other words associated with a name: Beato,
  • Dates associated with a name: 1877-1936
  • General subdivision: Biografía

670 ## - SOURCE DATA FOUND

  • Source citation: Work cat.: (IT-RoINE)0: Iglesias Costa, Manuel 6645, Un testigo del amor más grande :, D.L. 1993.